OPEN COURT READING L.2 BK. 1 / (Record no. 105017)
[ view plain ]
| 000 -LEADER | |
|---|---|
| fixed length control field | 00507nam a2200181 a 4500 |
| 005 - DATE AND TIME OF LATEST TRANSACTION | |
| control field | 20140412111335.0 |
| 008 - FIXED-LENGTH DATA ELEMENTS--GENERAL INFORMATION | |
| fixed length control field | 031017s19uu xx 00 eng d |
| 050 ## - LIBRARY OF CONGRESS CALL NUMBER | |
| Classification number | TR(GS 372.4 |
| Item number | B35 L.2 |
| 050 ## - LIBRARY OF CONGRESS CALL NUMBER | |
| Classification number | TR(GS 372.4 |
| Item number | B35 L.2 (CWA) |
| 100 ## - MAIN ENTRY--PERSONAL NAME | |
| Personal name | Bereiter, Carl |
| 245 ## - TITLE STATEMENT | |
| Title | OPEN COURT READING L.2 BK. 1 / |
| Statement of responsibility, etc | Carl Bereiter & et al. |
| 260 ## - PUBLICATION, DISTRIBUTION, ETC. (IMPRINT) | |
| Place of publication, distribution, etc | Columbus, Ohio : |
| Name of publisher, distributor, etc | SRA/McGraw-Hill, |
| Date of publication, distribution, etc | 2005. |
| 300 ## - PHYSICAL DESCRIPTION | |
| Extent | 345 |
| 440 ## - SERIES STATEMENT/ADDED ENTRY--TITLE | |
| Title | SRA: Open Court Reading |
| Withdrawn status | Lost status | Damaged status | Use restrictions | Home library | Current library | Shelving location | Date acquired | Source of acquisition | Total Checkouts | Full call number | Barcode | Date last seen | Price effective from | Koha item type |
|---|---|---|---|---|---|---|---|---|---|---|---|---|---|---|
| Elizalde Library | Elizalde Library | Teachers Reference Section | 10/17/2003 | TR(GS 372.4 B35 L.2 | E9291 | 04/12/2014 | 04/12/2014 | Books | ||||||
| Elizalde Library | Elizalde Library | Teachers Reference Section | 11/04/2005 | TR(GS 372.4 B35 L.2 | E10057 | 04/12/2014 | 04/12/2014 | Books | ||||||
| Elizalde Library | Elizalde Library | Teachers Reference Section | 11/04/2005 | TR(GS 372.4 B35 L.2 (CWA) | E10125 | 04/12/2014 | 04/12/2014 | Books |